|
|
|
|
| LEADER |
00000cam a22000004a 4500 |
| 001 |
musev2_617 |
| 003 |
MdBmJHUP |
| 005 |
20230905040118.0 |
| 006 |
m o d |
| 007 |
cr||||||||nn|n |
| 008 |
100114s2010 ohu o 00 0 eng d |
| 010 |
|
|
|z 2010001184
|
| 020 |
|
|
|a 9780821443446
|
| 020 |
|
|
|z 0821419099
|
| 020 |
|
|
|z 0821443445
|
| 020 |
|
|
|z 9780821419090
|
| 035 |
|
|
|a (OCoLC)794698923
|
| 040 |
|
|
|a MdBmJHUP
|c MdBmJHUP
|
| 043 |
|
|
|a n-us---
|a f------
|
| 050 |
0 |
4 |
|a E748.B885
|b T78 2010
|
| 082 |
0 |
|
|a 341.23/3092
|a B
|2 22
|
| 245 |
0 |
0 |
|a Trustee for the Human Community :
|b Ralph J. Bunche, the United Nations, and the Decolonization of Africa /
|c edited by Robert A. Hill and Edmond J. Keller.
|
| 264 |
|
1 |
|a Athens :
|b Ohio University Press,
|c 2010.
|
| 264 |
|
3 |
|a Baltimore, Md. :
|b Project MUSE,
|c 2012
|
| 264 |
|
4 |
|c ©2010.
|
| 300 |
|
|
|a 1 online resource (205 pages).
|
| 336 |
|
|
|a text
|b txt
|2 rdacontent
|
| 337 |
|
|
|a computer
|b c
|2 rdamedia
|
| 338 |
|
|
|a online resource
|b cr
|2 rdacarrier
|
| 500 |
|
|
|a "This is a project of the UCLA Globalization Research Center--Africa"--T.p. verso.
|
| 504 |
|
|
|a Includes bibliographical references and index.
|
| 505 |
0 |
|
|a Ralph Bunche : African American intellectual / Martin Kilson -- Ralph Bunche and the dawn of Africanist scholarship / David Anthony -- The making of an Africanist : Ralph Bunche in South Africa, 1937 / Robert Edgar -- Ralph Bunche and the decolonization of African studies : the paradox of power, morality, and scholarship / Elliott P. Skinner -- Ralph Bunche the Africanist : revisiting paradigms lost / Pearl T. Robinson -- Decolonization through trusteeship : the legacy of Ralph Bunche / Neta C. Crawford -- An unexpected challenge : Ralph Bunche as field commander in the Congo, 1960 / John Olver -- Ralph Bunche and Patrice Lumumba : the fatal encounter / Crawford Young -- Ralph Bunche, Patrice Lumumba, and the first Congo crisis / Georges Nzongola-Ntalaja -- Africa in the global decolonization process : the road to postcoloniality / Ralph A. Austen -- Epilogue / Charles P. Henry.
|
| 588 |
|
|
|a Description based on print version record.
|
| 600 |
1 |
0 |
|a Bunche, Ralph J.
|q (Ralph Johnson),
|d 1904-1971.
|
| 650 |
|
0 |
|a African Americans
|v Biography.
|
| 650 |
|
0 |
|a Africanists
|z United States
|v Biography.
|
| 650 |
|
0 |
|a Nobel Prize winners
|v Biography.
|
| 650 |
|
0 |
|a Statesmen
|z United States
|v Biography.
|
| 650 |
|
0 |
|a Decolonization
|z Africa
|x History
|y 20th century.
|
| 651 |
|
0 |
|a Africa
|x History
|y 1884-1960.
|
| 610 |
2 |
0 |
|a United Nations
|x Officials and employees
|v Biography.
|
| 655 |
|
7 |
|a Electronic books.
|2 local
|
| 700 |
1 |
|
|a Keller, Edmond J.
|q (Edmond Joseph),
|d 1942-
|
| 700 |
1 |
|
|a Hill, Robert A.,
|d 1943-
|
| 710 |
2 |
|
|a UCLA Globalization Research Center--Africa.
|
| 710 |
2 |
|
|a Project Muse.
|e distributor
|
| 830 |
|
0 |
|a Book collections on Project MUSE.
|
| 856 |
4 |
0 |
|z Texto completo
|u https://projectmuse.uam.elogim.com/book/617/
|
| 945 |
|
|
|a Project MUSE - Custom Collection
|
| 945 |
|
|
|a Project MUSE - 2010 History
|
| 945 |
|
|
|a Project MUSE - Archive African Studies Foundation
|
| 945 |
|
|
|a Project MUSE - 2010 Complete
|